[Event "?"]
[Site "?"]
[Date "2011.08.13"]
[Round "2.5"]
[White "Lucaßen, Mickey"]
[Black "Freundlieb, Thomas"]
[Result "0-1"]
[WhiteElo "1850"]
[BlackElo "2016"]
[PlyCount "102"]
[EventDate "2011.??.??"]
[WhiteTeam "SV Wesel 1928 e.V."]
[BlackTeam "SV Bergneustadt/Dersch"]

1. e4 d6 2. d4 Nf6 3. Nc3 e5 4. Nf3 Nbd7 5. Be2 Be7 6. h3 c6 7. a4 b6 8. dxe5
dxe5 9. O-O O-O 10. Bg5 Qc7 11. Nd2 Nc5 12. Qe1 Ne6 13. Be3 Bb4 14. f3 Nf4 15.
Nd1 N6h5 16. Kh2 Qe7 17. g4 Nxe2 18. Qxe2 Nf4 19. Bxf4 exf4 20. c3 Bd6 21. a5
Be6 22. Nf2 Qh4 23. b4 Rfd8 24. Rg1 Be5 25. axb6 axb6 26. Rxa8 Rxa8 27. Nd1 Ra2
28. Rg2 Qd8 29. Qe1 Ra1 30. Qe2 h6 31. Rg1 Ra2 32. Rg2 Bb3 33. Qe1 Bxd1 34.
Qxd1 Qd3 35. Qc1 Rc2 36. Qxc2 Qxc2 37. Nc4 Qxc3 38. Nxe5 Qxe5 39. Rc2 c5 40.
bxc5 bxc5 41. h4 Qd4 42. h5 c4 43. g5 hxg5 44. Kh3 c3 45. h6 gxh6 46. Kg4 Qd3
47. Rh2 Kg7 48. e5 c2 49. Rh1 Qd1 50. e6 Qxh1 51. e7 Kg6 0-1

[Event "?"]
[Site "?"]
[Date "2011.08.13"]
[Round "2.6"]
[White "Lambertz, Michael"]
[Black "Mass, Elvira"]
[Result "0-1"]
[WhiteElo "1971"]
[BlackElo "1884"]
[PlyCount "40"]
[EventDate "2011.??.??"]
[WhiteTeam "SF Esch e.V."]
[BlackTeam "Godesberger SK 1929 e.V."]

1. e4 g6 2. Bc4 Bg7 3. Nc3 e6 4. d4 Ne7 5. Bg5 h6 6. Bh4 g5 7. Bg3 d5 8. exd5
exd5 9. Bd3 c6 10. Nge2 Nf5 11. O-O Nxg3 12. Nxg3 Bxd4 13. Re1+ Be6 14. Qh5 (
14. Rxe6+ fxe6 15. Bg6+ Kd7 16. Qxd4) 14... Qf6 15. Nf5 Be5 16. Kf1 Nd7 17.
Rxe5 Nxe5 18. Nd6+ Kd7 19. Nxb7 Bg4 20. Nc5+ Ke7 0-1

[Event "?"]
[Site "?"]
[Date "2011.08.13"]
[Round "2.7"]
[White "Viganske, Christian"]
[Black "Mladenov, Svetlin"]
[Result "0-1"]
[WhiteElo "1893"]
[BlackElo "2406"]
[PlyCount "50"]
[EventDate "2011.??.??"]
[WhiteTeam "SK Turm Euskirchen 65"]
[BlackTeam "SV Wattenscheid 1930"]

1. e4 c5 2. Nf3 Nc6 3. d4 cxd4 4. Nxd4 Nf6 5. Nc3 d6 6. Be3 e5 7. Nb3 Be7 8.
Qd2 O-O 9. f3 a5 10. Bb5 Be6 11. O-O-O Na7 12. Ba4 b5 13. Nxb5 Nxb5 14. Bxb5 a4
15. Na1 Bxa2 16. g4 Qb8 17. Bd3 d5 18. exd5 Nxd5 19. Be4 Ba3 20. Nb3 axb3 21.
c3 Bxb2+ 22. Kxb2 Qd6 23. Kc1 Qa3+ 24. Qb2 Qxb2+ 25. Kxb2 Nxe3 0-1

[Event "?"]
[Site "?"]
[Date "2011.08.13"]
[Round "2.8"]
[White "Pister, Gottlieb"]
[Black "Tochtenhagen, Wolfgang"]
[Result "0-1"]
[WhiteElo "1833"]
[BlackElo "2077"]
[PlyCount "103"]
[EventDate "2011.??.??"]
[WhiteTeam "SF Köln-Longerich 195"]
[BlackTeam "DJK Aufwärts St. Josef Aachen 19"]

1. e4 c5 2. Nf3 Nc6 3. d4 cxd4 4. Nxd4 g6 5. c4 Nf6 6. Nc3 Nxd4 7. Qxd4 d6 8.
Be2 Bg7 9. O-O O-O 10. Qe3 Bd7 11. Rd1 a6 12. Rb1 Rc8 13. b3 b5 14. Nd5 Nxd5
15. exd5 Bf5 16. Bd3 Bxd3 17. Qxd3 bxc4 18. bxc4 Qc7 19. Rb4 Rb8 20. Bd2 Rxb4
21. Bxb4 Rc8 22. Rc1 Bh6 23. Bd2 Bxd2 24. Qxd2 Qc5 25. Qe3 Qxe3 26. fxe3 Kg7
27. Kf2 Kf6 28. Ke2 Ke5 29. Kd3 Rb8 30. c5 Kxd5 31. c6 Rc8 32. e4+ Ke5 33. c7
f5 34. exf5 gxf5 35. Rc6 Kd5 36. Rxa6 Rxc7 37. Ra5+ Rc5 38. Ra7 e5 39. a4 f4
40. a5 e4+ 41. Kd2 Kd4 42. Rf7 Rxa5 43. Rxf4 Ra2+ 44. Kc1 Rxg2 45. Rh4 Rg7 46.
Kd2 d5 47. Ke2 Ra7 48. Rh5 Ra2+ 49. Kf1 e3 50. Rxh7 Kd3 51. h4 Ra1+ 52. Kg2 0-1

[Event "?"]
[Site "?"]
[Date "2011.08.13"]
[Round "2.9"]
[White "Eigemann, Frederik"]
[Black "Maczkowiak, Thomas"]
[Result "1/2-1/2"]
[WhiteElo "2014"]
[BlackElo "1834"]
[PlyCount "103"]
[EventDate "2011.??.??"]
[WhiteTeam "SG Porz e.V."]
[BlackTeam "SG Ennepe-Ruhr-S"]

1. d4 Nf6 2. Bg5 Ne4 3. Bf4 c5 4. f3 Qa5+ 5. c3 Nf6 6. Nd2 cxd4 7. Nc4 Qc5 8.
cxd4 Qf5 9. Bxb8 Rxb8 10. e4 Qg5 11. Nh3 Qh6 12. Qa4 a6 13. Qa5 e6 14. Qe5 Ra8
15. Nd6+ (15. Nb6 Bb4+ 16. Kf2 Qd2+ 17. Be2 d6 $19) 15... Bxd6 16. Qxd6 Qe3+
17. Be2 b5 18. Rd1 Bb7 19. Qf4 Qxf4 20. Nxf4 O-O 21. Rc1 Rfc8 22. Kd2 Kf8 23.
Nd3 d6 24. Rxc8+ Rxc8 25. Rc1 Rxc1 26. Nxc1 Ke7 27. Kc3 Kd7 28. Kb4 Kc7 29. Ka5
Nd7 30. a4 bxa4 31. Bxa6 Bxa6 32. Kxa6 Kc6 33. Ka5 Nb6 34. Kb4 d5 35. Nd3 f6
36. Nc5 Nc4 37. Nxe6 Nxb2 38. Nxg7 Nd3+ 39. Kxa4 Ne1 40. Nh5 Nxg2 41. Nxf6 Nh4
42. Nxd5 Nxf3 43. Ne7+ Kd7 44. Nf5 Nxh2 45. d5 $2 (45. Kb5) 45... Nf3 46. Kb4
h5 47. Kc4 h4 48. d6 Ke6 49. Nxh4 Nxh4 50. Kc5 Nf3 51. Kc6 Ne5+ 52. Kc7 1/2-1/2

[Event "?"]
[Site "?"]
[Date "2011.08.13"]
[Round "2.10"]
[White "Eigemann, Julian"]
[Black "Schüller, Tobias"]
[Result "1-0"]
[WhiteElo "1954"]
[BlackElo "1852"]
[PlyCount "103"]
[EventDate "2011.??.??"]
[WhiteTeam "SG Porz e.V."]
[BlackTeam "Eschweiler SC 1921 e.V."]

1. Nc3 d5 2. e4 Nf6 3. e5 d4 4. exf6 dxc3 5. fxg7 cxd2+ 6. Qxd2 Qxd2+ 7. Bxd2
Bxg7 8. O-O-O Nc6 9. Bb5 Bd7 10. Nf3 a6 11. Bc4 e6 12. Rhe1 h6 13. Bf4 O-O-O
14. Ne5 Nxe5 15. Bxe5 Bxe5 16. Rxe5 Bc6 17. f3 Rxd1+ 18. Kxd1 Rg8 19. Re2 Rg5
20. Ke1 Bb5 21. Bxb5 Rxb5 22. c3 Kd7 23. b4 Ke7 24. g4 Rg5 25. h4 Rg8 26. Re4
h5 27. g5 Rd8 28. Ke2 Rd5 29. f4 Kf8 30. Rd4 Rxd4 31. cxd4 Ke7 32. Ke3 Kd6 33.
Ke4 b6 34. f5 Ke7 35. f6+ Ke8 36. Kf4 b5 37. Ke5 Kf8 38. d5 exd5 39. Kxd5 Ke8
40. Kc6 Kd8 41. a3 Ke8 42. Kxc7 Kf8 43. Kd7 Kg8 44. Ke7 a5 45. bxa5 b4 46. axb4
Kh7 47. Kf8 Kh8 48. Kxf7 Kh7 49. g6+ Kh8 50. g7+ Kh7 51. g8=Q+ Kh6 52. Qg6# 1-0

[Event "?"]
[Site "?"]
[Date "2011.08.13"]
[Round "2.11"]
[White "Sharifi Shamili, Ashkan"]
[Black "Gottas, Mike"]
[Result "1/2-1/2"]
[WhiteElo "1913"]
[BlackElo "1949"]
[PlyCount "47"]
[EventDate "2011.??.??"]
[WhiteTeam "Düsseldorfer SK 14/25 e."]
[BlackTeam "SV Wiehl 1923 e.V."]

1. c4 e5 2. Nc3 Nf6 3. g3 c6 4. Bg2 Bb4 5. Qc2 O-O 6. b3 Bxc3 7. Qxc3 Re8 8.
Nf3 d5 9. O-O d4 10. Qb2 c5 11. d3 Nc6 12. Nd2 Bf5 13. Ne4 Nxe4 14. dxe4 Bg6
15. Rd1 Qe7 16. a3 Rab8 17. Bd2 b5 18. Qc2 b4 19. axb4 Nxb4 20. Bxb4 Rxb4 21.
Ra3 Reb8 22. Rda1 R8b7 23. f4 f6 24. Bf3 1/2-1/2

[Event "?"]
[Site "?"]
[Date "2011.08.13"]
[Round "2.13"]
[White "Lopatin, Olga"]
[Black "Fieberg, Christoph"]
[Result "1-0"]
[WhiteElo "2016"]
[BlackElo "1776"]
[PlyCount "69"]
[EventDate "2011.??.??"]
[WhiteTeam "Schachges. Augsburg 1873"]
[BlackTeam "SG Porz e.V."]

1. d4 d5 2. Nc3 Nf6 3. Bg5 e6 4. e4 dxe4 5. Nxe4 Be7 6. Ng3 O-O 7. Bd3 c5 8.
dxc5 Qa5+ 9. Bd2 Qxc5 10. Nf3 Nc6 11. O-O Rd8 12. Qe2 Nd4 13. Nxd4 Qxd4 14. Bc3
Qf4 15. Be5 Qh4 16. Ne4 Nxe4 17. Bxe4 Bd6 18. Bxd6 Rxd6 19. Rad1 Qe7 20. Rxd6
Qxd6 21. Rd1 Qe7 22. Qb5 f5 23. Bf3 a6 24. Qb6 a5 25. c4 Kf7 26. c5 Ra6 27. Qb5
Kf6 28. g3 g5 29. Qc4 Qc7 30. Qd4+ Kg6 31. Qd8 Qxc5 32. Qg8+ Kh6 33. h4 Qe7 34.
hxg5+ Qxg5 35. Qxc8 1-0

[Event "?"]
[Site "?"]
[Date "2011.08.13"]
[Round "2.16"]
[White "Voigt, Ingrid"]
[Black "Armbrust, Matthias"]
[Result "1-0"]
[WhiteElo "1906"]
[BlackElo "1768"]
[PlyCount "59"]
[EventDate "2011.??.??"]
[WhiteTeam "SVigung Düren 13 Deric"]
[BlackTeam "SC Lerchenberg/ZMO"]

1. e4 c5 2. Nf3 d6 3. d4 cxd4 4. Nxd4 Nf6 5. Nc3 Nc6 6. Bg5 e6 7. Qd2 Be7 8.
O-O-O Nxd4 9. Qxd4 O-O 10. Be2 Qa5 11. h4 b5 12. Bxb5 a6 13. Bc4 Rb8 14. Bb3
Rb4 15. Qd3 h6 16. Bd2 Rb8 17. Nd5 Qd8 18. Nxe7+ Qxe7 19. g4 Nxg4 20. Qg3 h5
21. Rhg1 g6 22. Bg5 Qa7 23. f3 Ne5 24. Rxd6 Qc5 25. Rgd1 Bb7 26. Qf4 Kh7 27.
Bf6 Nc6 28. Bc3 e5 29. Qg5 Rbe8 30. Bxf7 1-0

[Event "?"]
[Site "?"]
[Date "2011.08.13"]
[Round "2.18"]
[White "Weißhuhn, Gunnar"]
[Black "Andrijenko, Anatoliy"]
[Result "1-0"]
[WhiteElo "1886"]
[BlackElo "1742"]
[PlyCount "107"]
[EventDate "2011.??.??"]
[WhiteTeam "SK Turm Euskirchen 65"]
[BlackTeam "SF Köln-Longerich 195"]

1. d4 Nf6 2. c4 g6 3. Nc3 Bg7 4. e4 O-O 5. f3 d6 6. Be3 a6 7. Qd2 c6 8. a4 Qc7
9. Nge2 Nbd7 10. Nc1 b6 11. Nd3 a5 12. Be2 Ba6 13. b3 Rab8 14. Rc1 e5 15. d5 c5
16. g4 Ne8 17. Rg1 Qd8 18. Kd1 Qe7 19. Kc2 f6 20. Nf2 g5 21. h4 h6 22. Nh3 Rb7
23. Rg2 Kf7 24. hxg5 fxg5 25. Bxg5 hxg5 26. Nxg5+ Kg8 27. Rh1 Qf6 28. Ne6 Nc7
29. g5 Qe7 30. Nxg7 Qxg7 31. g6 Rf4 32. Rh7 Nf6 33. Rxg7+ Kxg7 34. Nd1 Ng8 35.
Ne3 Ne7 36. Qe1 Ne8 37. Qh1 Nf6 38. Ng4 Neg8 39. Nxf6 Nxf6 40. Qh3 Re7 41. Kd2
Re8 42. Qg3 Rxe4 43. Kc2 Rf4 44. Rh2 Bc8 45. Qg5 Bf5+ 46. Kc1 Bxg6 47. Rh6 Rg8
48. Rxg6+ Kf7 49. Rxg8 Nxg8 50. Qd8 Rf6 51. Qxb6 Kg6 52. Qxa5 Ne7 53. Bd3+ Kg5
54. Qd2+ 1-0

[Event "?"]
[Site "?"]
[Date "2011.08.13"]
[Round "2.20"]
[White "Schwark, Mario"]
[Black "Dijkhuis, Sven"]
[Result "0-1"]
[WhiteElo "1842"]
[BlackElo "1669"]
[PlyCount "96"]
[EventDate "2011.??.??"]
[WhiteTeam "SG Kalker/Deutze"]
[BlackTeam "MoiraDomtoren"]

1. d4 Nf6 2. Nf3 g6 3. c4 Bg7 4. Nc3 O-O 5. e4 d6 6. Be2 e5 7. dxe5 dxe5 8.
Qxd8 Rxd8 9. O-O Nc6 10. h3 Nd4 11. Bd1 Be6 12. b3 a6 13. Ng5 Bd7 14. f4 exf4
15. e5 Ne8 16. Bxf4 h6 17. Nf3 Bc6 18. Nxd4 Rxd4 19. Ne2 Re4 20. Rc1 g5 21. Bd2
Bxe5 22. Nc3 Rd4 23. Be1 Rad8 24. Bh5 Nf6 25. Be2 Bf4 26. Rd1 Rxd1 27. Bxd1 Ne4
28. Bh5 Nd2 29. Bxd2 Rxd2 30. Nd5 Bxd5 31. cxd5 Rxd5 32. g3 Be3+ 33. Kg2 f5 34.
Kf3 f4 35. Bg4 Rd2 36. Bc8 b6 37. a4 a5 38. h4 Kg7 39. hxg5 hxg5 40. Ba6 c6 41.
gxf4 Bxf4 42. Kg4 Kf6 43. Kf3 Rb2 44. Bc4 b5 45. axb5 cxb5 46. Bg8 Rh2 47. Ra1
Kf5 48. Rxa5 g4# 0-1

[Event "?"]
[Site "?"]
[Date "2011.08.13"]
[Round "2.25"]
[White "Knütter, Helmut"]
[Black "Kuhn, Andreas"]
[Result "1-0"]
[WhiteElo "1592"]
[BlackElo "1785"]
[PlyCount "73"]
[EventDate "2011.??.??"]
[WhiteTeam "SK Sülz-Klettenberg"]
[BlackTeam "SG Niederkassel"]

1. e4 e6 2. d4 d5 3. exd5 exd5 4. Bd3 Nf6 5. Bg5 Be7 6. Ne2 O-O 7. O-O Bg4 8.
f3 Bc8 9. Re1 Nbd7 10. c3 h6 11. Bh4 Re8 12. Nd2 b6 13. Nf1 Bb7 14. Qd2 c5 15.
Bf2 Rc8 16. Nfg3 Bf8 17. Nf5 Nb8 18. Neg3 Nc6 19. Qf4 Qc7 20. Nxh6+ gxh6 21.
Qxf6 Bg7 22. Qf5 cxd4 23. Nh5 f6 24. Nxf6+ Bxf6 25. Qxf6 Rxe1+ 26. Rxe1 dxc3
27. bxc3 Qg7 28. Qxg7+ Kxg7 29. Re6 Rf8 30. Rg6+ Kf7 31. Rxh6 Ne5 32. Be2 Kg7
33. Rd6 Nc4 34. Bd4+ Kg8 35. Rd7 Rf7 36. Rxf7 Kxf7 37. Kf2 1-0

[Event "?"]
[Site "?"]
[Date "2011.08.13"]
[Round "2.26"]
[White "Lantsman, Boris"]
[Black "Faust, Maikel"]
[Result "1-0"]
[WhiteElo "1763"]
[BlackElo "1661"]
[PlyCount "53"]
[EventDate "2011.??.??"]
[WhiteTeam "SF Köln-Longerich 195"]
[BlackTeam "SG Porz e.V."]

1. e4 c5 2. Nf3 a6 3. d4 cxd4 4. Nxd4 Nf6 5. Nc3 e5 6. Nb3 Bb4 7. Bd3 d5 8.
exd5 Nxd5 9. Bd2 Bxc3 10. bxc3 Qc7 11. c4 Nb6 12. Qe2 Be6 13. Na5 N8d7 14. O-O
Nc8 15. Rfe1 Nd6 16. f4 b6 17. fxe5 bxa5 18. exd6 Qxd6 19. Kh1 a4 20. a3 Nc5
21. Be4 Ra7 22. Be3 Rc7 23. Bd5 Re7 24. Qf2 Nd7 25. Bf4 Qc5 26. Qxc5 Nxc5 27.
Bd6 1-0

[Event "?"]
[Site "?"]
[Date "2011.08.13"]
[Round "2.27"]
[White "Meul, Willi"]
[Black "Braun, Oskar"]
[Result "0-1"]
[WhiteElo "1672"]
[BlackElo "1738"]
[PlyCount "52"]
[EventDate "2011.??.??"]
[WhiteTeam "SV 1925 Hürth-Berrenra"]
[BlackTeam "SV Wesel 1928 e.V."]

1. d4 d5 2. Nf3 Nf6 3. e3 Bf5 4. c4 c6 5. Qb3 Qc7 6. Nc3 e6 7. Bd2 Nbd7 8. Rc1
dxc4 9. Bxc4 Nb6 10. Be2 Nbd5 11. O-O Be7 12. Ne5 O-O 13. f3 Rfd8 14. g4 Bg6
15. h4 h5 16. Nxg6 Qg3+ 17. Kh1 fxg6 18. Be1 Qh3+ 19. Kg1 hxg4 20. Rf2 g3 21.
Rg2 Nh5 22. Ne4 Bxh4 23. f4 Nhxf4 24. exf4 Nxf4 25. Bf3 Nxg2 26. Bxg2 Qh2+ 0-1

[Event "?"]
[Site "?"]
[Date "2011.08.13"]
[Round "2.29"]
[White "de Vivie, Achim"]
[Black "Karwatzki, Hans-Jürgen"]
[Result "0-1"]
[WhiteElo "1768"]
[BlackElo "1561"]
[PlyCount "52"]
[EventDate "2011.??.??"]
[WhiteTeam "SF Köln-Longerich 195"]
[BlackTeam "Vereinigung der Schachsportfreun"]

1. e4 e5 2. d4 exd4 3. Nf3 Bb4+ 4. c3 dxc3 5. Nxc3 Ne7 6. Qd4 Bxc3+ 7. Qxc3 f6
8. Bc4 Nbc6 9. e5 Ng6 10. O-O Ncxe5 11. Nxe5 Nxe5 12. Re1 d5 13. f4 dxc4 14.
fxe5 O-O 15. Qxc4+ Kh8 16. Bf4 fxe5 17. Bxe5 c6 18. Rad1 Qb6+ 19. Kh1 Bf5 20.
Rf1 (20. Bxg7+ Kxg7 21. Re7+ Kg6 22. Rd6+ Kh5 23. Qe2+ Kg5 24. h4+ Kxh4 25.
Rh6+ Kg5 26. Qh5+ Kf4 27. Qh2+) 20... Qe3 21. Bd6 Rf6 22. Bc5 Qe6 23. Qc3 Be4
24. Rxf6 gxf6 25. Rf1 Bxg2+ 26. Kxg2 Qe2+ (26... Qe2+ 27. Rf2 Rg8+) 0-1

[Event "?"]
[Site "?"]
[Date "2011.08.13"]
[Round "2.34"]
[White "Reinartz, Ulrich"]
[Black "Mischke, Daniel"]
[Result "1-0"]
[WhiteElo "1668"]
[BlackElo "1471"]
[PlyCount "50"]
[EventDate "2011.??.??"]
[WhiteTeam "vereinslos"]
[BlackTeam "Sportgemeinschaft Kaarst 1912/35"]

1. e4 c6 2. d4 d5 3. e5 Bf5 4. Bd3 Bxd3 5. Qxd3 e6 6. Ne2 Nd7 7. f4 c5 8. c3
Nh6 9. O-O cxd4 10. cxd4 Be7 11. Nbc3 a6 12. Bd2 Nf5 13. g4 Nh4 14. f5 Bg5 15.
Be1 h5 16. fxe6 Nxe5 17. dxe5 Qb6+ 18. Nd4 hxg4 19. Nxd5 Qxb2 20. Nc7+ Kf8 21.
Rxf7+ Kg8 22. Bxh4 Rxh4 23. Nc2 Qxe5 24. Qg3 Qc5+ 25. Qf2 Rd8 1-0

[Event "?"]
[Site "?"]
[Date "2011.08.13"]
[Round "2.35"]
[White "Torres, Roberto"]
[Black "Hiendl, David"]
[Result "1-0"]
[WhiteElo "1635"]
[BlackElo "1442"]
[PlyCount "31"]
[EventDate "2011.??.??"]
[WhiteTeam "Satranc Club 2000"]
[BlackTeam "SF Lohmar 1974 e.V."]

1. e4 e6 2. d4 d5 3. Nc3 Bb4 4. e5 c5 5. a3 Bxc3+ 6. bxc3 Qb6 7. Qg4 Ne7 8. a4
Nf5 9. Bd3 O-O 10. Nf3 Qa5 11. Bd2 c4 12. Bxf5 exf5 13. Qg3 g6 14. O-O Kg7 15.
Qg5 Nd7 16. Qh6+ 1-0

[Event "?"]
[Site "?"]
[Date "2011.08.13"]
[Round "2.42"]
[White "Schröter, Heinz-Jürgen"]
[Black "Wilde, Christian"]
[Result "1-0"]
[WhiteElo "1156"]
[BlackElo "1007"]
[PlyCount "57"]
[EventDate "2011.??.??"]
[WhiteTeam "SV Horrem 1948"]
[BlackTeam "SF Köln-Longerich 195"]

1. e4 d6 2. d4 Nd7 3. Nf3 e5 4. dxe5 dxe5 5. Bc4 Be7 6. h4 Nb6 7. Qxd8+ Bxd8 8.
Nxe5 Nxc4 9. Nxc4 b5 10. Ne5 Bb7 11. f3 Bf6 12. Bf4 Ne7 13. Nc3 a6 14. O-O-O
O-O 15. Nd7 Rfc8 16. Nxf6+ gxf6 17. Rd7 b4 18. Nd5 Nxd5 19. exd5 Bxd5 20. Rxd5
c6 21. Rd6 h5 22. Rxf6 Kg7 23. Rh6 c5 24. Rxh5 c4 25. Rg5+ Kf6 26. Be5+ Ke7 27.
Re1 f6 28. Rg7+ Ke6 29. Bc3+ 1-0

[Event "?"]
[Site "?"]
[Date "2011.08.13"]
[Round "2.43"]
[White "Sloka, Andreas"]
[Black "Kronseder, Michael"]
[Result "0-1"]
[WhiteElo "1523"]
[BlackElo "1552"]
[PlyCount "68"]
[EventDate "2011.??.??"]
[WhiteTeam "Krefelder SK Turm 1851 e"]
[BlackTeam "SV 1925 Hürth-Berrenra"]

1. d4 c5 2. d5 Nf6 3. c4 b5 4. cxb5 a6 5. bxa6 Bxa6 6. Nc3 d6 7. e4 Bxf1 8.
Kxf1 g6 9. g3 Bg7 10. Kg2 O-O 11. h3 Na6 12. Nf3 Qa5 13. e5 Nd7 14. exd6 exd6
15. Bf4 Ne5 16. Nxe5 dxe5 17. Bg5 f6 18. Be3 f5 19. d6 f4 20. Qd5+ Kh8 21. Bd2
Nb4 22. Qc4 Qb6 23. Ne4 Qc6 24. Bxb4 Ra4 25. a3 Qa8 26. Rac1 cxb4 27. axb4 Qb7
28. Qc6 Qxb4 29. Nc5 fxg3 30. Nd3 Qd4 31. d7 Rxf2+ 32. Kg1 Rd2+ 33. Kf1 Qxd3+
34. Kg1 Qe3+ 0-1

[Event "?"]
[Site "?"]
[Date "2011.08.13"]
[Round "2.45"]
[White "Kenen, Albert"]
[Black "Schröter, Sophie"]
[Result "1/2-1/2"]
[WhiteElo "1452"]
[BlackElo "1056"]
[PlyCount "67"]
[EventDate "2011.??.??"]
[WhiteTeam "SF Köln-Longerich 195"]
[BlackTeam "SG Porz e.V."]

1. d4 d5 2. c4 Nf6 3. Nc3 dxc4 4. e4 Be6 5. d5 Bd7 6. Bxc4 e6 7. Bg5 Be7 8.
dxe6 Bxe6 9. Bxe6 Qxd1+ 10. Rxd1 fxe6 11. e5 Nd5 12. Nxd5 exd5 13. Bxe7 Kxe7
14. Rxd5 Ke6 15. Rb5 b6 16. Nf3 c6 17. Rb3 h6 18. O-O c5 19. Re1 Rf8 20. Rd3
Na6 21. Rd6+ Ke7 22. Nh4 Rad8 23. Ng6+ Kf7 24. Nxf8 Rxf8 25. Rd7+ Ke6 26. Rxa7
Nb4 27. Rxg7 Rd8 28. Rg6+ Ke7 29. Rg3 Nc2 30. Rc1 Nb4 31. f4 Nd3 32. Rf1 Nxb2
33. f5 Nd3 34. e6 1/2-1/2

[Event "?"]
[Site "?"]
[Date "2011.08.13"]
[Round "3.1"]
[White "Dijkhuis, Sven"]
[Black "Heinert, Eugen"]
[Result "0-1"]
[WhiteElo "1669"]
[BlackElo "2107"]
[PlyCount "112"]
[EventDate "2011.??.??"]
[WhiteTeam "MoiraDomtoren"]
[BlackTeam "OSC Rheinhausen 04 e.V."]

1. e4 e6 2. d4 d5 3. Nd2 c5 4. c3 cxd4 5. cxd4 Nc6 6. Bb5 a6 7. Bxc6+ bxc6 8.
Ngf3 Nf6 9. Qc2 Bd7 $6 10. O-O Rc8 11. e5 Ng4 12. Nb3 Qb6 $2 (12... c5 13. Nxc5
Bxc5 14. dxc5 Qc7 15. b4 Nxe5 $16) 13. h3 Nh6 14. Bxh6 gxh6 15. Rfc1 Rc7 16.
Ne1 Bg7 17. Nc5 Bc8 18. Qe2 O-O 19. Ned3 f6 20. f4 fxe5 21. fxe5 Rcf7 22. Rf1
Qd8 23. Rxf7 Rxf7 24. Rf1 Qh4 25. Rxf7 Kxf7 26. Qf2+ Qxf2+ 27. Kxf2 Bf8 28. Nb4
Bxc5 29. dxc5 Bb7 30. Nc2 Bc8 31. a4 Kg6 32. Nd4 Bd7 33. b4 Kg5 34. Kg3 Kg6 35.
Kg4 Kf7 36. Kh5 Kg7 37. b5 $2 (37. g3 Be8+ 38. Kg4 Bd7 39. b5 cxb5 40. axb5
axb5 41. c6 Be8 42. c7 Bd7 43. Nxb5) 37... cxb5 38. axb5 Be8+ 39. Kg4 axb5 40.
c6 (40. Nxe6+ Kf7 41. Nd4 Bd7+ 42. e6+ Bxe6+ 43. Kh5 $11) 40... b4 41. c7 Bd7
42. g3 Kg6 43. Kf4 Bc8 44. Kg4 h5+ 45. Kf4 h6 46. Nc6 Kf7 47. Nxb4 $2 (47. Na7
Bd7 (47... b3 48. Nxc8 b2 49. Nd6+ Kg7 50. c8=Q b1=Q 51. Qd7+ Kg8 52. Qf7+ Kh8
53. Qf6+ Kg8 54. Qxe6+ Kh7 55. Qf5+ $18) 48. c8=Q Bxc8 49. Nxc8 b3 50. Nd6+ Ke7
51. Nb5 b2 52. Nc3) 47... Ke7 48. g4 hxg4 49. Kxg4 Kd7 50. Kh5 Kxc7 51. Kxh6
Kb6 52. h4 d4 53. h5 Bb7 54. Nc2 $2 (54. Kg5 Kb5 55. Nc2 d3 56. Ne3 Be4 57. Kf4
Bh7 $11) 54... Kc5 55. Kg7 Be4 56. Na1 Kb4 0-1

[Event "?"]
[Site "?"]
[Date "2011.08.13"]
[Round "3.2"]
[White "Bub, Volker"]
[Black "Hiendl, Robert"]
[Result "1-0"]
[WhiteElo "2100"]
[BlackElo "1568"]
[PlyCount "127"]
[EventDate "2011.??.??"]
[WhiteTeam "SC Tornado 86 Hochneukirch"]
[BlackTeam "SF Lohmar 1974 e.V."]

1. Nf3 Nf6 2. g3 g6 3. Bg2 Bg7 4. O-O O-O 5. d3 d6 6. e4 Nc6 7. Nbd2 Bd7 8. a4
Rb8 9. Re1 e5 10. Nc4 Re8 11. c3 Be6 12. Ng5 Bxc4 13. dxc4 h6 14. Nf3 a5 15.
Qc2 Qe7 16. b3 Qe6 17. Ba3 Nd7 18. Nd2 Kh7 19. Nf1 Ne7 20. Rad1 Nf6 21. Ne3 Bf8
22. Bf1 Rbd8 23. Nd5 Nexd5 24. cxd5 Qc8 25. Qe2 c6 26. Qf3 Kg7 27. Bc1 Be7 28.
Qe3 Rh8 29. Qb6 cxd5 30. exd5 Qxc3 31. Bd2 Qc5 32. Bxa5 Qxb6 33. Bxb6 Rc8 34.
Bh3 Rc3 35. Re3 Rxe3 36. fxe3 Bd8 37. Bxd8 Rxd8 38. Bf1 Rc8 39. Bc4 Ne4 40. Kf1
f5 41. Ke1 Kf6 42. a5 Ke7 43. Ra1 g5 44. a6 bxa6 45. Rxa6 Rc7 46. Ra8 Nf6 47.
Ke2 e4 48. Rh8 h5 49. Ra8 Ng4 50. Rh8 Nf6 51. Ra8 Rb7 52. h3 Rc7 53. Kd2 g4 54.
hxg4 hxg4 55. Ke2 Rb7 56. Rc8 Ra7 57. b4 Ne8 58. Bb5 Rc7 $4 59. Rxe8+ Kf7 60.
Rd8 Ke7 61. Rh8 Kf6 62. Bc6 Ra7 63. Rh6+ Ke5 64. Re6# 1-0

[Event "?"]
[Site "?"]
[Date "2011.08.13"]
[Round "3.4"]
[White "Freundlieb, Thomas"]
[Black "Fieberg, Samuel"]
[Result "1-0"]
[WhiteElo "2016"]
[BlackElo "1530"]
[PlyCount "45"]
[EventDate "2011.??.??"]
[WhiteTeam "SV Bergneustadt/Dersch"]
[BlackTeam "SG Porz e.V."]

1. d4 d5 2. Nf3 Nf6 3. e3 c6 4. b3 Bf5 5. Bd3 Bxd3 6. cxd3 Nbd7 7. O-O e6 8.
Bb2 Bd6 9. Ne5 Qc7 10. f4 Ng8 11. Nd2 Ne7 12. Qh5 g6 13. Qh3 O-O-O 14. Nxf7
Rdf8 15. Nxh8 Rxh8 16. Nf3 Nf5 17. Ne5 Nf6 18. g4 Ng7 19. Rac1 h5 20. g5 Bxe5
21. dxe5 Nfe8 22. Rf2 Nf5 23. e4 1-0

[Event "?"]
[Site "?"]
[Date "2011.08.13"]
[Round "3.5"]
[White "Mass, Elvira"]
[Black "Jansen, Kurt"]
[Result "1-0"]
[WhiteElo "1884"]
[BlackElo "1401"]
[PlyCount "69"]
[EventDate "2011.??.??"]
[WhiteTeam "Godesberger SK 1929 e.V."]
[BlackTeam "SK Sülz-Klettenberg"]

1. Nf3 Nf6 2. g3 e6 3. Bg2 d5 4. O-O c5 5. d3 Nc6 6. Nbd2 Be7 7. Re1 O-O 8. e4
dxe4 9. dxe4 e5 10. c3 Be6 11. Ng5 Qd7 12. Nxe6 Qxe6 13. Qe2 a6 14. a4 Rad8 15.
f4 exf4 16. gxf4 Qg4 17. Qxg4 Nxg4 18. Nc4 Bh4 19. Rf1 Rd3 20. Bf3 h5 21. h3
Nh6 22. Kh2 g6 23. Be2 Rdd8 24. Be3 Be7 25. f5 Kh7 26. f6 Bd6+ 27. Nxd6 Rxd6
28. Bxc5 Rfd8 29. Bxd6 Rxd6 30. Rad1 Re6 31. Rf4 g5 32. Rff1 Kg6 33. Rd7 b6 34.
Bc4 Re5 35. Bd5 1-0

[Event "?"]
[Site "?"]
[Date "2011.08.13"]
[Round "3.10"]
[White "Braun, Oskar"]
[Black "Eigemann, Julian"]
[Result "0-1"]
[WhiteElo "1738"]
[BlackElo "1954"]
[PlyCount "54"]
[EventDate "2011.??.??"]
[WhiteTeam "SV Wesel 1928 e.V."]
[BlackTeam "SG Porz e.V."]

1. d4 Nf6 2. c4 g6 3. Nc3 Bg7 4. e4 d6 5. Nf3 O-O 6. Be2 e5 7. O-O Nc6 8. d5
Ne7 9. Ne1 Nd7 10. Nd3 f5 11. Bd2 Nf6 12. f3 f4 13. g4 Rf7 14. c5 Bf8 15. b4
Bd7 16. Qb3 Nc8 17. b5 b6 18. cxb6 cxb6 19. Nb4 h5 20. g5 Nh7 21. h4 Nxg5 22.
hxg5 Qxg5+ 23. Kh1 Qh4+ 24. Kg1 Bh3 25. Rf2 Qg3+ 26. Kh1 Qxf2 27. Rg1 Bg4 0-1

[Event "?"]
[Site "?"]
[Date "2011.08.13"]
[Round "3.12"]
[White "Lopatin, Olga"]
[Black "Masalsky, Boris"]
[Result "1-0"]
[WhiteElo "2016"]
[BlackElo "1477"]
[PlyCount "43"]
[EventDate "2011.??.??"]
[WhiteTeam "Schachges. Augsburg 1873"]
[BlackTeam "LSV Turm Lippstadt"]

1. e4 c5 2. Nc3 Nc6 3. Nf3 d6 4. d4 cxd4 5. Nxd4 g6 6. Be3 Bg7 7. Be2 Nf6 8. h4
h6 9. Qd2 Bd7 10. O-O-O a6 11. f4 Ng4 12. Bxg4 Bxg4 13. Rdf1 Bd7 14. h5 b5 15.
Nd5 Rb8 16. Nxc6 Bxc6 17. Bd4 Bxd4 18. Qxd4 Rg8 19. hxg6 e5 20. gxf7+ Kxf7 21.
fxe5+ Ke8 22. Nf6+ 1-0

[Event "?"]
[Site "?"]
[Date "2011.08.13"]
[Round "3.15"]
[White "Jürgens, Oliver"]
[Black "Lambertz, Michael"]
[Result "0-1"]
[WhiteElo "1606"]
[BlackElo "1971"]
[PlyCount "58"]
[EventDate "2011.??.??"]
[WhiteTeam "SGrupp Rochade Disteln 199"]
[BlackTeam "SF Esch e.V."]

1. d4 Nf6 2. c4 e6 3. Nc3 Bb4 4. Qb3 Bxc3+ 5. Qxc3 Ne4 6. Qc2 f5 7. Nf3 O-O 8.
g3 b6 9. Bg2 Bb7 10. O-O Nc6 11. a3 Qf6 12. Rd1 g5 13. b4 h5 14. b5 Ne7 15. Ne5
Rad8 16. f3 Nd6 17. Qd2 f4 18. g4 hxg4 19. Nxg4 Qg7 20. Qd3 Ndf5 21. Bb2 d6 22.
Rab1 Nh6 23. Bh3 Nef5 24. Qc2 Rde8 25. c5 Nxg4 26. Bxg4 Ne3 27. Qb3 Bd5 28. Qa4
Qh6 29. h3 Qh4 0-1